000 00787nam a2200229 a 4500
001 000028884
003 OSt
005 20210428102842.0
008 110412s1929 dr r 000 0 spa d
040 _aDO-SdBNP
_bspa
_cBNPHU
082 4 _a633.372
_bC263c
_222
100 1 _aCarballo R., Luis
_955854
245 1 0 _aCartilla de instrucciones sobre el cultivo de los frijoles /
_cLuis Carballo R.
260 _aSanto Domingo :
_bSEAI,
_c1929.
300 _a12 p. ;
_c24 cm.
590 _aInventariado, 2018/BT
650 4 _aFrijoles
_xCultivo
_977434
700 1 _aSecretaría de Estado de Agricultura e Inmigración
_955855
710 1 _aRepública Dominicana
_bSecretaria de Estado de Agricultura e Inmigración
_938549
910 _aValidado. Control de calidad MFF
942 _2ddc
_cLBS1
999 _c28376
_d28376